000 00864nam a2200253Ia 4500
003 OSt
005 20220923212904.0
006 a|||||r|||| 00| 0
007 ta
008 220922b |||||||| |||| 00| 0 hin d
024 _a156,539
037 _cTextual
040 _aARTS
_cARTS
_bhin
041 _2hin
_ahin
082 _aO152:gN2, L8
100 _aअग्रवाल, पुष्पा
245 0 _aशुक्लोत्तर आलोचना और डा नगेन्द्र
246 _aShuklottar ālochanā aur ḍā0 nagendra
260 _aदिल्ली
_b पराग प्रकाशन
_c1978
300 _a275 पृ.
_ccm.
650 _aहिन्दी साहित्य
_9156264
942 _hO152:gN2, L8
_cTEXL
_2CC
999 _c311852
_d311852